Statistiques concernant Muscles du corps (fr)

Cliquez ici pour prendre le quiz!

Statistiques générales

  • Ce quiz a été pris 3 283 fois
  • Le résultat moyen est 22 sur 109

Statistiques - réponses

HintRéponse% Correct
Biceps Brachial
94%
BrasTriceps brachial
91%
(Articulaire du genou)
82%
Quadriceps fémoral
82%
Deltoïde
67%
Epaule (postérieur)Trapèze
62%
Grand Pectoral
54%
Hanche (région glutéale)Grand fessier
52%
Grand Dorsal
50%
Grand Rond
41%
Brachial
39%
Petit Pectoral
39%
Petit Rond
38%
Abdomen (gaine rectusienne)Droit de l'abdomen
37%
Petit Fessier
37%
(Pyramidal de l'Abdomen)
37%
Jambe (postérieur)Triceps Sural
37%
Moyen Fessier
36%
Infra-Epineux
31%
Supra-Epineux
31%
Thorax (respiratoires)Diaphragme
29%
Grand Rhomboïde
29%
Dentelé antérieur
27%
Transverse de l'Abdomen
27%
Ilio-Psoas
26%
Cuisse (antérieur)Sartorius
26%
Biceps Fémoral
25%
Court Adducteur
24%
Long Adducteur
24%
Semi-Membraneux
24%
Cuisse (ischio-jambiers)Semi-Tendineux
24%
Subscapulaire
24%
Grand Adducteur
23%
Jambe (antérieur)Tibial antérieur
23%
Coraco-Brachial
22%
Cuisse (loge adductorielle)Gracile
22%
Abdomen (muscles larges)Oblique Externe de l'Abdomen
22%
Oblique Interne de l'Abdomen
21%
Petit Rhomboïde
21%
Avant-Bras (latéral)Supinateur
21%
Brachio-Radial
20%
Sterno-cléido-mastoïdien
19%
Tibial Postérieur
19%
Piriforme
18%
Rond Pronateur
18%
Avant-Bras (antérieur)Carré Pronateur
17%
Court Fibulaire
17%
Epaule (antérieur)Elévateur de la scapula
17%
Intercostaux
17%
Jambe (latéral)Long Fibulaire
17%
Pelvi-TrochantériensObturateur Externe
16%
Obturateur Interne
16%
Fléchisseur Ulnaire du Carpe
15%
Subclavier
15%
Extenseur des Doigts
14%
Fléchisseur Radial du Carpe
14%
MasticateursMasseter
14%
Avant-Bras (postérieur)Ancôné
13%
Carré Fémoral
13%
Court Extenseur du Pouce
13%
Long Extenseur du Pouce
13%
Long Palmaire
13%
Extenseur Ulnaire du Carpe
12%
Jumeau Inférieur
12%
Jumeau Supérieur
12%
Fléchisseur Profond des Doigts
11%
Fléchisseur Superficiel des Doigts
11%
Poplité
11%
Court Extenseur Radial du Carpe
10%
Long Extenseur Radial du Carpe
10%
Elevateur de l'anus
9%
Long Extenseur de l'Hallux
9%
Long Fléchisseur de l'Hallux
9%
Long Fléchisseur des Orteils
8%
Long Fléchisseur du Pouce
8%
Omo-Hyoïdien
8%
Temporal
8%
Droit Latéral
7%
Droit Médial
7%
Extenseur de l'index
7%
Extenseur du Petit Doigt
7%
Long Abducteur du Pouce
7%
Sphincter strié de l'anus
7%
Sphincter strié de l'urètre
7%
Sterno-Hyoïdien
7%
Digastrique
5%
Droit Inférieur
5%
OculomoteursDroit Supérieur
5%
Supra-HyoïdiensMylo-Hyoïdien
5%
Oblique Inférieur
5%
Oblique Supérieur
5%
Plantaire
5%
Ptérygoïdien latéral
5%
Ptérygoïdien médial
5%
Stylo-Hyoïdien
5%
Tenseur du tympan
5%
Infra-HyoïdiensThyro-Hyoïdien
5%
Troisième fibulaire
5%
Génio-Hyoïdien
4%
Oreille MoyenneStapédien
4%
Sterno-Thyroïdien
4%
PérinéeBulbo-Caverneux (Bulbo-Spongieux)
3%
Langue (muscles extrinsèques)Génioglosse
3%
Hyoglosse
3%
Ischio-Caverneux
3%
Styloglosse
3%
Palatoglosse
2%
Transverse profond du périnée
2%
Transverse superficiel du périnée
2%

Distribution des résultats

Percentile par nombre de réponses

% des personnes avec chaque résultat

Votre développement - résultats

Vous n’avez pas pris ce quiz